00741nam a22002057a 450000500170000001000150001702000270003203500140005903700090007308200140008210000230009624500360011925000060015526000400016127001070020130000210030894200280032999900190035795201590037620240805151929.0 aENG-141187 c1500.00a9788196775121 aEN-124719 bDBAD a621.3621 aBalaram, S.96949000aSpeaking Design/cBy S. Balaram a1 aMumbaibKabdwal Book International  aPlot No. 179, D/42, Raigad CHS, Sector 1, Charkop, Kandivali(W)bMumbaie400067morder@kabdwalbook.com a295p.c22cm(pbk) 2ddccENmBALh621.36e1 c204845d204845 001040708NFICaBL1bBL1d2024-08-05eDelivery of Books Act Divisiong1500.00l0oBAL 621.36pEN-124719r2024-08-05 00:00:00t1v1500.00w2024-08-05yEN